| 000 | 00773nam a2200205 a 4500 | ||
|---|---|---|---|
| 001 | 7143 | ||
| 003 | CO-ViMGA | ||
| 008 | 141112s2004 ck r 000 u spa d | ||
| 040 |
_aCO-ViMGA _bspa _cCO-ViMGA |
||
| 082 | 0 | 4 | _a463.1 T748o |
| 100 | 1 |
_aTriviño, Jorge _96256 |
|
| 245 | 1 | 0 | _aOrtografía práctica al día |
| 250 | _a7a | ||
| 260 |
_aMexico : _bTrillas, _c1997 |
||
| 300 | _a125 p | ||
| 505 | _aAlfabeto : Usos de la B - V - G - J - X - S - C - Z - H - SC - K - M - N - Q - R - RR - Y Los acentos - acentuación - tildes Usos de los signos de puntuación y demas simbolos Abreviaturas Números Formación de palabras compuestas y simples Palabras de dudosa ortografía | ||
| 650 | 1 | 4 |
_aESPAÑOL - ORTOGRAFIA _95486 |
| 650 | 1 | 4 |
_aORTOGRAFIA _96186 |
| 942 |
_2ddc _cBK |
||
| 999 |
_c19108 _d19108 |
||